Economics of Strategy / (Record no. 17047)

MARC details
000 -LEADER
fixed length control field 00649nam a22002057a 4500
008 - FIXED-LENGTH DATA ELEMENTS--GENERAL INFORMATION
fixed length control field 121002t2010 nju|||||d|||| 00| 0 eng d
020 ## - INTERNATIONAL STANDARD BOOK NUMBER
International Standard Book Number 0470484837
020 ## - INTERNATIONAL STANDARD BOOK NUMBER
International Standard Book Number 9780470484838
082 ## - DEWEY DECIMAL CLASSIFICATION NUMBER
Classification number 330.0112
Item number ECO
245 ## - TITLE STATEMENT
Title Economics of Strategy /
Statement of responsibility, etc David Besanko [et al...]
250 ## - EDITION STATEMENT
Edition statement 5th ed.
260 ## - PUBLICATION, DISTRIBUTION, ETC. (IMPRINT)
Place of publication, distribution, etc Hoboken, NJ :
Name of publisher, distributor, etc John Wiley & Sons,
Date of publication, distribution, etc 2010
300 ## - PHYSICAL DESCRIPTION
Extent xxv, 593 p. :
Other physical details ill. ;
Dimensions 26 cm.
504 ## - BIBLIOGRAPHY, ETC. NOTE
Bibliography, etc Includes bibliographical references and index
650 ## - SUBJECT ADDED ENTRY--TOPICAL TERM
Topical term or geographic name as entry element Strategic planning
General subdivision Economic aspects
9 (RLIN) 31033
653 ## - INDEX TERM--UNCONTROLLED
Resource For college
Arrived date list October2012
650 ## - SUBJECT ADDED ENTRY--TOPICAL TERM
9 (RLIN) 2351
Topical term or geographic name as entry element Managerial economics
700 ## - ADDED ENTRY--PERSONAL NAME
Personal name Besanko, David
9 (RLIN) 31034
942 ## - ADDED ENTRY ELEMENTS (KOHA)
Source of classification or shelving scheme Dewey Decimal Classification
Item type NB - Book (Non borrowing)
Holdings
Withdrawn status Item status Source of classification or shelving scheme Materials specified (bound volume or other part) Damaged status Not for loan Vendor Home library Current library Shelving location Date acquired Source of acquisition Total Checkouts Full call number Barcode Date last seen Date last borrowed Koha item type Total Renewals
  Lost Dewey Decimal Classification Lost In Inventory_2017-8-25     Baccah Central Library Central Library First floor 02/10/2012   3 330.0112 ECO 000027562 23/08/2016 18/10/2012 NB - Book (Non borrowing)  
    Dewey Decimal Classification       Baccah Central Library Central Library First floor 02/10/2012   9 330.0112 ECO 000027561 15/07/2025 04/03/2020 Book - Borrowing 41
    Dewey Decimal Classification       Baccah Central Library Central Library First floor 18/11/2013   10 330.0112 ECO 000035107 15/07/2025 29/02/2020 Book - Borrowing 20